La rosa amarilla (Record no. 152233)

MARC details
000 -LEADER
campo de control de longitud fija 00840nam a2200169 i 4500
001 - NÚMERO DE CONTROL
campo de control 152233
003 - IDENTIFICADOR DE NÚMERO DE CONTROL
campo de control ES-MaACL
005 - FECHA Y HORA DE LA ÚLTIMA TRANSACCIÓN
campo de control 20230908192502.0
008 - DATOS DE LONGITUD FIJA--INFORMACIÓN GENERAL
campo de control de longitud fija 931025s1877 sp |||| | spa d
100 1# - ENTRADA PRINCIPAL--NOMBRE DE PERSONA
Nombre de persona Blasco, Eusebio,
Fechas asociadas al nombre 1844-1903
9 (RLIN) 126018
245 13 - MENCIÓN DEL TÍTULO
Título La rosa amarilla
Resto del título : comedia en tres actos, en verso /
Mención de responsabilidad, etc. original de Eusebio Blasco.
260 ## - PUBLICACIÓN, DISTRIBUCIÓN, ETC.
Lugar de publicación, distribución, etc. Madrid :
Nombre del editor, distribuidor, etc. [s.n.],
Fecha de publicación, distribución, etc. 1877 (
Fabricante Imp. de José Rodriguez)
300 ## - DESCRIPCIÓN FÍSICA
Extensión 95 p. ;
Dimensiones , 20 cm.
594 #1 - Nota al título y mención de responsabilidad
Nota al título y mención de responsabilidad En port.: Representada por primera vez en el Teatro de la Comedia, en noviembre de 1877.
852 ## - LOCALIZACIÓN
Ubicación ES-MaACL
Número de control de estantería F-8596(5)
Nota libre -- Enc. pasta española
-- -- Enc. en un vol. facticio formando parte de la col. facticia "Teatro español moderno", vol. 49
condición física .- Falto de la cub. original
Nota libre .- Firma manuscrita de Gustavo Saenz Diez, 1878 en anteport.
Holdings
Estatus retirado Estado de pérdida Estado de daño No para préstamo Colección Biblioteca de origen Biblioteca actual Ubicación en estantería Fecha de adquisición Total de préstamos Signatura topográfica completa Código de barras Visto por última vez Precio de reemplazo Tipo de ítem Koha
        Libros del s. XIX Biblioteca del Ateneo de Madrid Biblioteca del Ateneo de Madrid Sala Pecera Planta 2 17/01/2008   F-8596(5) 1158934 23/02/2023 23/02/2023 Libro impreso antiguo